| 000 | 00770nam a2200193Ia 4500 | ||
|---|---|---|---|
| 003 | GCL | ||
| 008 | 140319s9999 xx 000 0 ara d | ||
| 040 |
_aGCL / _cGCL |
||
| 082 | 0 | 4 |
_a323.4 _bخ ل |
| 100 | 1 | _aخيرالدين عبداللطيف محمد | |
| 245 | 1 | 0 |
_aاللجنة الاوربية لحقوق الانسان ودورها فى تفسير وحماية الحقوق والحريات الاساسية للافراد والجماعات / _cخيرالدين عبداللطيف محمد |
| 260 |
_a[S.N] : _bالهيئة المصرية العامة للكتاب ، _c1991 |
||
| 300 | _a503 ص | ||
| 490 | _a | ||
| 650 | 0 | 4 | _aالحقوق السياسية |
| 650 | 0 | 4 | _aحقوق الانسان |
| 650 | 0 | 4 | _aالحقوق المدنية |
| 942 |
_2ddc _cBK |
||
| 999 |
_c55076 _d55076 |
||